000 00547cam a22002291 4500
001 sa 65001191
003 DLC
005 20260227112108.0
008 940602s1962 ii 000 0 beno
010 _asa 65001191
025 _aPL480:EP-B-306
035 _a(OCoLC)30538491
040 _aDLC
_cCU
_dCU
_dDLC
042 _apremarc
050 0 0 _aHQ56
_b.K45
100 1 _aKhan, Mahmud,
_d1820?-1892.
245 1 0 _aJībana o yaubana.
260 _c[1962]
300 _a253 p.
_c19 cm.
500 _aIn Bengali.
650 0 _aSex instruction.
999 _c61955
_d61955